000
00208 a2200097 4500
001
11158
100
_a
Woodruff, P
245
_a
The Man Who Ruled India
260
_a
_b
Janathan Cape
_c
090
_c
8712
_d
8712
942
_a
NUST-CAE
_c
M
_c
35503
999
_c
246231
_d
246231